Тайное без вымыслов (Запись № 9974642)

Подробности
000 -МАРКЕР
контрольное поле 01520nam0a2200301 4500
001 - ИДЕНТИФИКАТОР ЗАПИСИ
контрольное поле RU\NLR\BIBL_A\010460703
005 - ИДЕНТИФИКАТОР ВЕРСИИ
контрольное поле 20260405092444.0
010 ## - МЕЖДУНАРОДНЫЙ СТАНДАРТНЫЙ НОМЕР КНИГИ (ISBN)
Номер (ISBN) 5-87983-005-5
035 ## - ДРУГИЕ СИСТЕМНЫЕ НОМЕРА
Идентификатор записи (NLR Aleph) 010460703
100 ## - ДАННЫЕ ОБЩЕЙ ОБРАБОТКИ
Данные общей обработки 20140910d1994 |||y0rusy50 ca
101 1# - ЯЗЫК РЕСУРСА
Язык текста, звукозаписи и т.д. русский
Язык оригинала не определено
102 ## - СТРАНА ПУБЛИКАЦИИ ИЛИ ПРОИЗВОДСТВА
Страна публикации Российская Федерация
105 ## - ПОЛЕ КОДИРОВАННЫХ ДАННЫХ: ТЕКСТОВЫЕ МАТЕРИАЛЫ, МОНОГРАФИЧЕСКИЕ
Кодированные данные о монографическом текстовом документе a ||z|||000yy
200 1# - ЗАГЛАВИЕ И СВЕДЕНИЯ ОБ ОТВЕТСТВЕННОСТИ
Основное заглавие Тайное без вымыслов
Первые сведения об ответственности Дион Форчун
210 ## - ПУБЛИКАЦИЯ, РАСПРОСТРАНЕНИЕ И ДР.
Место издания, распространения и т.д. Москва
Имя издателя, распространителя и т. д. REFL-book
Дата издания, распространения и т.д. 1994
215 ## - ФИЗИЧЕСКАЯ ХАРАКТЕРИСТИКА
Специфическое обозначение материала и объем 378 с.
Другие сведения о физической характеристике ил.
Размеры 20
225 1# - СЕРИЯ
Основное заглавие серии Библиотека эзотерической литературы
300 ## - ОБЩИЕ ПРИМЕЧАНИЯ
Текст примечания На с. 10 1-й авт.: Виолет Ферт, известная под именем Дион Форчун; На с. 212 2-й авт.: Элифас Леви - псевд. Альфонса Луиса Константа
423 #0 - ИЗДАЕТСЯ В ОДНОЙ ОБЛОЖКЕ ВМЕСТЕ С ...
Встроенное поле 2001#$aУчение и ритуал высшей магии$e[к сб. в целом: перевод]$fЭлифас Леви
-- 700#1$aЛеви$bЭ.$f1810-1875$gЭлифас$3RU\NLR\AUTH\770134217
-- 215##$aС. 211-378$cил.
-- 210##$aМосква$cREFL-book$d1994
Заглавие Учение и ритуал высшей магии
Автор Леви, Элифас (1810-1875)
606 1# - НАИМЕНОВАНИЕ ТЕМЫ КАК ПРЕДМЕТ
Наименование темы Магия
Системный номер авторитетной/нормативной записи 1615580
Идентификатор авторитетной/нормативной записи RU\NLR\AUTH\66712354
606 1# - НАИМЕНОВАНИЕ ТЕМЫ КАК ПРЕДМЕТ
Наименование темы Оккультизм
Системный номер авторитетной/нормативной записи 1388572
Идентификатор авторитетной/нормативной записи RU\NLR\AUTH\66270145
686 1# - ИНДЕКСЫ ДРУГИХ КЛАССИФИКАЦИЙ
Индекс Э240.03
700 #1 - ИМЯ ЛИЦА - ПЕРВИЧНАЯ ОТВЕТСТВЕННОСТЬ
Графика поля Кириллица
Материалы, к которым относится поле rus
Начальный элемент ввода Форчун
Часть имени, кроме начального элемента ввода Д.
Даты 1890-1946
Расширение инициалов личного имени Дион
Системный номер авторитетной/нормативной записи 16563
Идентификатор авторитетной/нормативной записи RU\NLR\AUTH\7733555
942 ## - ДОПОЛНИТЕЛЬНЫЕ ЭЛЕМЕНТЫ ЗАПИСИ (АБИС)
Тип экземпляра АБИС Книга
980 ## - КОЛЛЕКЦИЯ
Название коллекции Национальная библиография
Экземпляры
Тип экземпляра Дата поступления Источник поступления Стоимость Библиотека постоянного хранения Библиотека текущего хранения Место хранения Шифр хранения Штрих-код Статус экземпляра
Книга 10.09.2014 Подсобные фонды РНБ 150.00 РНБ (Московский) РНБ (Московский) Русский книжный фонд: издания с 1957 года 2014-3/25729 1-633487  
Книга 09.10.2015 Источник неизвестен 4100.00 РНБ (Фонтанка) РНБ (Фонтанка) Юношеский читальный зал Ю Э39/Ф-79 1-1155336